000 00497nam a2200181Ia 4500
001 24034
005 20260414151017.0
008 260414t2012||||xx |||||||||||||| ||spa||
041 _aESP
082 _a751.73098
_bP85
100 _aUniversidad de Concepciòn Chile
_eAUT
245 0 _aPresencia de Amèrica Latina :
_bMural Casa del Arte Universidad de Concepción Chile
260 _c2012
300 _a98 páginas :
_c23 cm.
650 _aABD
654 _aCAU
942 _cLIB
_dJUS
_fJUS
_2ddc
_n
999 _c24034
_d24034